[Event "Kongsberg CC-ch"]
[Site "Skavanger"]
[Date "2013.03.05"]
[Round "3"]
[White "Lund, Karl Henrik"]
[Black "Rasmussen, Rolf"]
[Result "1-0"]
[WhiteElo "1718"]
[BlackElo "1477"]
[PlyCount "89"]
[EventDate "2013.01.22"]
[EventType "swiss"]
[EventRounds "7"]
[EventCountry "NOR"]
[SourceTitle "EXT 2024"]
[Source "ChessBase"]
[SourceDate "2023.10.10"]
[SourceVersion "1"]
[SourceVersionDate "2023.10.10"]
[SourceQuality "1"]

1. e4 e5 2. Nc3 Nf6 3. f4 d6 4. Nf3 Nc6 5. Bb5 exf4 6. d4 Bd7 7. Bxf4 Qe7 8. 0-0 0-0-0 9. Re1 a6 10. Bc4 Bg4 11. Nd5 Qd7 12. Nxf6 gxf6 13. c3 h5 14. Qd3 Bh6 15. Bxh6 Rxh6 16. Nh4 Rg8 17. Re3 Qe8 18. b4 Be6 19. Bxa6 bxa6 20. d5 Nb8 21. dxe6 fxe6 22. Rg3 Rg4 23. Rxg4 hxg4 24. g3 Qb5 25. Qd2 Rh7 26. a4 Qe8 27. Qf4 Nd7 28. Qxg4 Ne5 29. Qe2 Qc6 30. Rf1 Rf7 31. b5 axb5 32. Qxb5 Qxb5 33. axb5 Kb7 34. Nf3 Kb6 35. Nxe5 dxe5 36. g4 Kxb5 37. Kg2 Kc4 38. Rf3 c5 39. h4 Rf8 40. g5 f5 41. h5 f4 42. Kh3 Rg8 43. g6 Kb5 44. Kh4 Kc6 45. Kg5 1-0